=LDR 00000nam 2200000 4500 =001 INLIS000000000039253 =005 20140923123730.0 =006 =007 =008 Ind =035 ##$$a 0010-061300000039253 =041 ##$$a Ind =082 ##$$a 663.96 =090 ##$$a 663.96, Ham m =100 ##$$a Hambali, Erliza =245 ##$$a Membuat Aneka Herbal Tea, Erliza Hambali =260 ##$$a 2006 $b Jakarta =300 ##$$a 116 Hlm, 23 Cm =700 ##$$a Muhammad Zein Nasution, Ersi Herliana =850 ##$$a NBPNMAT